01718nam a2200325 i 4500001001000000003000900010005001700019007000300036008004100039040003000080041000800110082001800118245005400136264005800190300002700248336002700275337003300302338002800335490006900363490002800432590002600460830009900486942001400585952013900599952013300738952012700871952013300998952024401131999001701375000026647DO-SdBNP20260130132148.0ta110324s1988 dr 000 0 spa d aDO-SdBNPbspacBNPHUerda aspa 4axxxbB93322203aLa bula in apostolatus culmine y su autenticidad  aSanto Domingo :bEditora Universitaria - UASD,c1988. a56 páginas ;c21 cm. atextobtxt2rdacontent asin mediaciónbn2rdamedia avolumenbnc2rdacarrier1 aPublicaciones de la Universidad Autónoma de Santo Domingov5331 a Archivo históricov1 aInventariado, 2026/BT 0aPublicaciones de la Univesidad Autónoma de Santo Domingon533937454pArchivo históricov1 2ddccLBS1 00102ddc56708DSaBNPHUbBNPHUcCTd2011-03-24l0oBNPHU DS B933p26647-30r2020-06-25te. 3w2020-06-25yLBS1ZPréstamo interno 00102ddc56708DSaBNPHUbBNPHUcCTd2013-09-06l0oBNPHU DS B933p26647-50r2020-06-25te. 4w2020-06-25yLBS1ZNo se presta 00102ddc51708PDaBNPHUbBNPHUcCTd2011-03-24l0oBNPHU PD B933p26647-10r2020-06-25w2020-06-25yLBS1ZNo se presta 00102ddc51708PDaBNPHUbBNPHUcCTd2011-03-24l0oBNPHU PD B933p26647-20r2020-06-25te. 2w2020-06-25yLBS1ZNo se presta 00102ddc56708DSaBNPHUbBNPHUcCTd2026-01-30eDonado por la Presidencia de la República Dominicana 2023.l0oBNPHU DS B933p2026-0518r2026-01-30te.5w2026-01-30yLBS1zPertenecio a la biblioteca personal de Emilio Cordero Michel. c26139d26139